Normal view
MARC view
Entry Personal Name
001 - CONTROL NUMBER
- control field: 2293
003 - CONTROL NUMBER IDENTIFIER
- control field: ARRUPE
005 - DATE AND TIME OF LATEST TRANSACTION
- control field: 20131008173239.0
008 - FIXED-LENGTH DATA ELEMENTS
- fixed length control field: 131008|| aca||aabn | a|a d
040 ## - CATALOGING SOURCE
- Original cataloging agency: ARRUPE
- Transcribing agency: ARRUPE
100 ## - HEADING--PERSONAL NAME
- Personal name: Straelen, H. J. J. M. van
- Fuller form of name: (Henricus Johannes Josephus Maria),
- Dates associated with a name: 1903-2004.
670 ## - SOURCE DATA FOUND
- Source citation: Work cat.: (ARRUPE)0: Straelen, H. J. J. M. van (Henricus Johannes Josephus Maria), 1903-2004., The Catholic encounter with world religions,, [1966]